书目信息 |
| 书名: | Human sexuality in a world of diversity | |
| 作者: | Jeffrey S. Nevid, Lois Fichner-Rathus, Spencer A. Rathus. | |
| 分册号: | ||
| 分册名: | 出版地: | Boston : |
|
| 出版社: | Allyn and Bacon | |
| 出版时间: | c1995. | |
| 页数: | xvii, 733 p. : | |
| 开本: | 29 cm. | |
| 丛书名: | ||
| 中图分类号: | ||
| 科图分类号: | ||
| 其他分类号: | R339.2 | |
| 主题词: | ||
| 电子资源: | ||
| 000 | 01230cam a2200337 a 450 | |
| 001 | E0738105728 | |
| 005 | 20070429103654.51 | |
| 008 | 940907s1995 maua b 001 0 eng | |
| 010 | @a94033693 | |
| 020 | @a0205164072. | |
| 020 | @a0-205-16545-1. | |
| 035 | @A(DLC) 94033693 | |
| 040 | @aDLC@cDLC@dDLC | |
| 050 | 00 | @aHQ21@b.R23 1995 |
| 082 | 00 | @a306.7@2 20 |
| 090 | @aR339.2 | |
| 099 | @dR339.2@ex23=2 | |
| 100 | 1 | @aNevid, Jeffrey S. |
| 245 | 00 | @aHuman sexuality in a world of diversity / @cJeffrey S. Nevid, Lois Fichner-Rathus, Spencer A. Rathus. |
| 250 | @a2nd ed. | |
| 260 | @aBoston :@bAllyn and Bacon,@cc1995. | |
| 300 | @axvii, 733 p. :@bill. (some col.) ;@c29 cm. | |
| 500 | @aSpencer Rathus’s name appears first on the earlier edition. | |
| 504 | @aIncludes bibliographical references (p. 665-711) and index. | |
| 650 | 0 | @aSex. |
| 700 | 2 | @aFichner-Rathus, Lois,@d1953- |
| 700 | 1 | @aRathus, Spencer A. |
| 906 | @a7@bcbc@corignew@d1@eocip@f19@gy-gencatlg | |
| 920 | @a** LC HAS REQ’D # OF SHELF COPIES ** | |
| 955 | @apc17 to sa00 09-07-94; sb02/desc 09-07-94; sb11 09-07-94; sb21 09-08-94; CIP ver. pv04 05-26-95 | |
| 991 | @bc-GenColl@hHQ21@i.R23 1995@p00032159333@tCopy 1@wBOOKS | |
| Human sexuality in a world of diversity / / Jeffrey S. Nevid, Lois Fichner-Rathus, Spencer A. Rathus.-2nd ed.-Boston : : Allyn and Bacon, , c1995. |
| xvii, 733 p. : : ill. (some col.) ; ; 29 cm. |
| Spencer Rathus’s name appears first on the earlier edition.-Includes bibliographical references (p. 665-711) and index. |
| ISBN 0205164072. |
| ● |
| 相关链接 |
|
|
|
|
正题名:Human sexuality in a world of diversity
索取号:R339.2/x23=2
 
预约/预借
| 序号 | 登录号 | 条形码 | 馆藏地/架位号 | 状态 | 备注 |
| 1 | 6280 | 300062802 | 第二样本阅览室/ [索取号:R339.2/x23=2] | 在馆 | |
| 2 | 6281 | 300062811 | 第四借阅区/ [索取号:R339.2/x23=2] | 在馆 |